| 000 | 00567nam a22001457a 4500 | ||
|---|---|---|---|
| 082 | _aT-123 | ||
| 100 |
_aZuilfiqar Bashir, Captain _948522 |
||
| 245 |
_aA Laboratory Study, Analyzing Stability and Permeability Characteristics to Determine the Suitability of Asphalt Stabilized Permeable Bases Using Asphalt Penetration Grades 40/50 and 60/70 _cZuilfiqar Bashi |
||
| 260 |
_aRisalpur _bMCE _c23-10-01 |
||
| 300 | _aXIII, 174 p.: | ||
| 526 |
_a0 _b0 _c0 _dT_123 |
||
| 650 |
_aThesis _934811 |
||
| 700 |
_aBrig Shamshad Ahmad Khan, psc, PhD _948523 |
||
| 942 |
_2ddc _cBK |
||
| 999 |
_c551437 _d551437 |
||